000 00923nam a2200289Ia 4500
003 OSt
005 20221007124131.0
006 a|||||r|||| 00| 0
007 ta
008 221006b |||||||| |||| 00| 0 eng d
020 _a9780390650252 (pbk)
024 _a94278
037 _b1652, 18/01/2010, Educational Book Agency (India)
_cTextbook
040 _aCDL
_cCDL
_beng
041 _2eng
_aeng
082 _aE:33,A, K9;M5;2-;3 Carc
100 _aEwing Galen W
_9501880
245 0 _aInstrumental methods of chemical analysis
250 _a5
260 _aUSA
_bMcGraw Hill
_c1985
300 _axv, 540p.
_ccm.
500 _aAppendix A-D, 529-534p.; Index 535-540p.
650 _a Chemical analysis
_9712706
650 _aChemistry
942 _hE:33,A, K9;M5;2-;3 Carc
_cTB
_2CC
999 _c1213060
_d1213060